Cities on the Danube River - Statistics

General Stats
  • This quiz has been taken 13 times
  • The average score is 8 of 12
Answer Stats
City Country Pop. % Correct
Bratislava Slovakia 478K
100%
Budapest Hungary 1.6M
100%
Vienna Austria 2.0M
100%
Belgrade Serbia 1.1M
92%
Linz Austria 213K
85%
Novi Sad Serbia 260K
85%
Ulm Germany 129K
77%
Ingolstadt Germany 141K
62%
Regensburg Germany 151K
54%
Galați Romania 217K
38%
Ruse Bulgaria 121K
31%
Brăila Romania 154K
23%
No matching quizzes found
Score Distribution
Percent of People with Each Score
Percentile by Number Answered
Your Score History
You have not taken this quiz